[Event "Duitama Perla de Boyaca"]
[Site "Duitama"]
[Date "2012.02.20"]
[Round "3.2"]
[White "Silva Suna, Juan Esteban"]
[Black "Celi, Juan Carlos"]
[Result "0-1"]
[WhiteElo "1643"]
[BlackElo "1935"]
[PlyCount "74"]
[EventDate "2012.02.20"]
[EventType "tourn"]
[EventRounds "10"]
[EventCountry "COL"]
[SourceTitle "EXT 2024"]
[Source "ChessBase"]
[SourceDate "2023.10.10"]
[SourceVersion "1"]
[SourceVersionDate "2023.10.10"]
[SourceQuality "1"]

1. e4 c6 2. d4 d5 3. e5 e6 4. Bd3 g6 5. Nf3 Bg7 6. 0-0 Ne7 7. c4 Nd7 8. Nc3 dxc4 9. Bxc4 Nf5 10. Bb3 0-0 11. Bg5 Qc7 12. Rc1 h6 13. Be3 Nxe3 14. fxe3 Nb6 15. e4 Qd7 16. Qd2 Rd8 17. a3 a5 18. Na4 Nxa4 19. Bxa4 b5 20. Bb3 Bb7 21. Qc3 c5 22. Qxc5 Bxe4 23. Rfe1 Bxf3 24. gxf3 Rac8 25. Qb6 Rb8 26. Qxa5 Qxd4+ 27. Kh1 Bxe5 28. Rc2 Bg7 29. Qc3 Qxc3 30. bxc3 Rd3 31. Kg2 Rxc3 32. Rxc3 Bxc3 33. Rc1 Bb2 34. Rc7 Bxa3 35. Rd7 Bc5 36. Kf1 b4 37. h4 Kf8 0-1